Loading...
| Fine Arts - Classical Music | 0 | 7 | 1 | 2 | 65 | 112 | 133.29 | 0 | 0 | 1.64 | 13.29 |
| Fine Arts - Painting & Sculpture | 0 | 6 | 0 | 0 | 60 | 73 | 98.50 | 1 | 3 | 10.29 | 27.83 |
| Literature - American | 0 | 4 | 0 | 0 | 40 | 98 | 113.00 | 1 | 1 | 6.28 | 15.10 |
| Science - Physics | 0 | 4 | 1 | 0 | 35 | 127 | 131.25 | 0 | 0 | 0.49 | 4.38 |
| Science - Chemistry | 0 | 4 | 1 | 1 | 35 | 107 | 118.50 | 0 | 0 | 1.36 | 10.15 |
| Philosophy | 0 | 3 | 0 | 0 | 30 | 98 | 112.00 | 0 | 0 | 2.57 | 10.33 |
| Mythology | 0 | 2 | 0 | 0 | 20 | 91 | 116.00 | 0 | 0 | 4.66 | 18.23 |
| Literature - British | 0 | 2 | 0 | 0 | 20 | 55 | 73.50 | 1 | 2 | 6.24 | 11.20 |
| Religion | 0 | 2 | 1 | 0 | 15 | 121 | 126.00 | 0 | 0 | 0.60 | 4.06 |
| Fine Arts - Other | 0 | 2 | 2 | 0 | 10 | 86 | 101.50 | 0 | 0 | 3.14 | 4.17 |
| Social Science | 0 | 1 | 0 | 0 | 10 | 123 | 123.00 | 0 | 0 | 0.09 | 0.98 |
| Other Academic | 0 | 1 | 0 | 1 | 10 | 135 | 135.00 | 0 | 0 | -0.52 | 0.56 |
| Literature - European | 0 | 0 | 0 | 0 | 0 | 0.00 | 0 | 0 | 0.00 | 0.00 | |
| Literature - World | 0 | 1 | 2 | 0 | 0 | 139 | 139.00 | 0 | 0 | 0.39 | 1.47 |
| Science - Other | 0 | 1 | 2 | 0 | 0 | 126 | 126.00 | 0 | 0 | 0.00 | 0.49 |